000 00446nam a2200169Ia 4500
003 LDD
008 190117s9999 xx 000 0 und d
020 _c₹50
040 _cLDD
041 _ahi
082 _a8H3.708 क5926
100 _aसिंह, मधुकर
245 0 _aकमलेश्वर
_cमधुकर सिंह
260 _aदिल्ली
_bशब्दकार
300 _a10 भाग
942 _2ddc
_cH
999 _c173806
_d173806